000 00715 a2200181 4500
003 Nust
005 20170207153213.0
040 _cNust
082 _a621.382
100 _aAsif , Muhammad Naeem (MSEE-9)
245 _aPerformace analysis of maximum likelihood (ML) and Maximum A-posteriori probabilty (MAP) decoding Techniques over AWGN and rayleigh fading channels
_cMuhammad Naeem Asif
260 _bMCS, NUST
_c2005
_aRawalpindi
300 _a65, p.;
505 _aIntroduction (page-1) Overview of communication (page-40) Coding and decoding (page-16) Simulations and perfromamce analysis (page-38) Summary and conclusion (page-56)
538 _aAlmirah No 69 Shelf No 1
650 _aPG Thesis
651 _aMSEE-9
942 _cTHS
999 _c181450
_d181450